000 00344nam a22001337a 4500
008 260601b |||||||| |||| 00| 0 eng d
020 _a978-9381275405
082 _a001925
100 _aChaturvedi ,Pradeepasimhacharya.
245 _aGitabhashyam
260 _aBangalore
_bPoorna Prajna Samshodhan Trust
_c2014
300 _a892p
942 _2ddc
999 _c1500
_d1500